00454nam a2200181 a 4500001001300000003000900013005001700022008004100039020001200080082001600092100002100108245002600129260004200155300000900197500003500206505001000241700002100251nice12345678IN_TiNIC20260116011445.0050524s1960 phia grp 000 0 eng  ac74.2500a220.93bWRI aWright, G Ernest aBiblical Archaeology. aPhiladelphiabWestminster Pressc1960 a198p aincludes index and biblioraphy2 aIndex1 aWright, G Ernest